[Event "European Blitz-ch 2018"]
[Site "Skopje"]
[Date "2018.12.06"]
[Round "6"]
[White "Jovic, Stanoje"]
[Black "Bosiocic, Marin"]
[Result "0-1"]
[WhiteElo "2240"]
[BlackElo "2599"]
[Annotator "TA"]
[PlyCount "64"]
[EventDate "2018.12.06"]
[EventType "swiss"]
[EventCountry "MKD"]

{[%evp 16,64,-6,-16,-12,-18,-20,-15,-22,-23,-23,-29,0,-36,-29,-75,-76,-87,-86,-133,-136,-136,-95,-132,-164,-199,-207,-189,-193,-312,-309,-342,-305,-1154,-169,-170,-177,-383,-375,-380,-356,-29983,-29984,-29982,-29983,-29982,-29979,-29993,-29994,-29997,-29998]} 1. c4 e5 2. Nc3 Bb4 3. Nf3 Bxc3 4. bxc3 d6 5. g3 f5 6. d3 Nf6 7. Bg2 O-O 8. O-O Nc6 9. Rb1 {LiveBook: 40 Games} Rb8 {A25: English Opening vs King's Indian with ...Nc6 but without early d3} (9... Qe8 10. Qb3 b6 11. Nh4 Na5 12. Qa3 Rb8 13. Be3 f4 14. gxf4 Qh5 15. Nf3 Bh3 16. Bxh3 Qxh3 17. Kh1 {½-½ (37) Svidler,P (2753)-Carlsen,M (2881) Stavanger 2014}) 10. Ba3 Bd7 11. c5 d5 {The position is equal.} 12. d4 e4 13. Ne5 Qe8 $146 ({Predecessor:} 13... Re8 14. Nxd7 Qxd7 15. Qa4 Ne7 16. Qxd7 Nxd7 17. e3 {1-0 (27) Schmall,J (2350)-Dieter,J Germany 2005}) 14. Nxc6 Bxc6 15. e3 g5 16. f4 exf3 17. Qxf3 Ne4 18. Rb2 Nxc3 19. g4 fxg4 20. Qg3 Rxf1+ 21. Bxf1 Qe6 22. Rc2 {[#]} (22. Bd3 $142 Rf8 23. Rf2) 22... Ne4 $1 $19 {[%cal Re4g3]} 23. Qxc7 Rf8 24. Bd3 $2 (24. Bb4) 24... Rf7 $2 (24... Qf6 25. Qa5 Nf2) 25. Qb8+ {[#]} Kg7 $1 {...Nd2! is the strong threat.} 26. Bb4 $2 {[#]} (26. Bxe4 Qxe4 27. Qe5+ Qxe5 28. dxe5) 26... Nxc5 $1 {[%mdl 576] Discovered Attack} 27. Bxc5 {Strongly threatening Qe5+.} Qxe3+ {[%mdl 64] Double Attack} 28. Kh1 $2 (28. Kg2 $19 Qxd3 29. Qe5+ Kg6 30. Qe2) 28... Qxd3 {[%cal Rd3f1] Black mates.} 29. Qe5+ Kg6 {[%cal Rd3f1]} 30. Qe6+ Rf6 {[%cal Rd3f1]} 31. Qg8+ Kh5 {[%cal Rd3f1]} 32. Qe8+ Bxe8 {Accuracy: White = 20%, Black = 83%.} 0-1